Současná názorová diferenciace absolventů zemědělského inženýrského studia.
Analýza hodnotových systémov a postojov k závažným celospoločenským otázkam výberového súboru študentov VŠZ v Brne v študijných r. 1984/85 a 1989/90. Kritika školy, obava pred sociálnou neistotou a nezamestnanosťou.
Guardado en:
| Autor principal: | |
|---|---|
| Otros Autores: | |
| Formato: | Capítulo de libro |
| Lenguaje: | checo |
| Materias: | |
| Etiquetas: |
Sin Etiquetas, Sea el primero en etiquetar este registro!
|
MARC
| LEADER | 00000naa a2200000 4500 | ||
|---|---|---|---|
| 001 | r006160 | ||
| 005 | 20221125081643.8 | ||
| 041 | 0 | |a cze | |
| 044 | |a [CS] | ||
| 245 | 1 | 0 | |a Současná názorová diferenciace absolventů zemědělského inženýrského studia. |c E. Maca, I. Julínková |
| 520 | |a Analýza hodnotových systémov a postojov k závažným celospoločenským otázkam výberového súboru študentov VŠZ v Brne v študijných r. 1984/85 a 1989/90. Kritika školy, obava pred sociálnou neistotou a nezamestnanosťou. | ||
| 610 | 2 | 0 | |a študenti |
| 610 | 2 | 0 | |a VŠZ Brno |
| 610 | 2 | 0 | |a 1990-1991 |
| 610 | 2 | 0 | |a štúdium vysokoškolské |
| 610 | 2 | 0 | |a 1984-1985 |
| 610 | 2 | 0 | |a 1989-1990 |
| 610 | 2 | 0 | |a výskum sociologický |
| 100 | 1 | |a Maca, Erich | |
| 700 | 1 | |a Julínková, I. | |